| 000 | 00697cab a2200229 4500 | ||
|---|---|---|---|
| 001 | ABS44129 | ||
| 008 | 090401t1991 xxu||||| |||| 00| 0 eng d | ||
| 035 | _a(Sirsi) u45473 | ||
| 041 | _aeng | ||
| 245 | _aGerman property : unsure, but not unsafe | ||
| 260 | _c1991 | ||
| 350 | _a0 | ||
| 490 |
_aEconomist _v318(7695) 23 February 1991, 105(1) |
||
| 520 | _aThe German property market is still booming despite the recession in the rest of the world. This article questions how long this situation will last. | ||
| 650 | _aGERMAN REUNIFICATION | ||
| 650 | _aGERMANY | ||
| 650 | _aINVESTMENT | ||
| 650 | _aUNIFICATION | ||
| 690 | _aOVERSEAS-EUROPE | ||
| 942 | _n0 | ||
| 948 | _c04/03/1997 | ||
| 999 |
_c28838 _d28838 |
||